[Event "Budapest FS08 FM-B"]
[Site "Budapest"]
[Date "2003.08.13"]
[Round "12"]
[White "Tognella, Olivier"]
[Black "Toth, Laszlo2222"]
[Result "1-0"]
[WhiteElo "2065"]
[BlackElo "2065"]
[PlyCount "129"]
[EventDate "2003.08.02"]
[EventType "tourn"]
[EventRounds "13"]
[EventCountry "HUN"]
[SourceTitle "CBM 095 Extra"]
[Source "ChessBase"]
[SourceDate "2003.09.04"]
[SourceVersion "1"]
[SourceVersionDate "2003.09.04"]
[SourceQuality "1"]

1. e4 e5 2. Nf3 Nf6 3. Bc4 Be7 4. 0-0 d6 5. h3 Nc6 6. Re1 Be6 7. Bb3 0-0 8. d4 Bxb3 9. axb3 h6 10. d5 Nb8 11. Nc3 c5 12. Qd3 Nh7 13. Ne2 Ng5 14. Ng3 Nxf3+ 15. Qxf3 Bg5 16. Nf5 Bxc1 17. Rexc1 Na6 18. g4 Kh7 19. Qe3 Rg8 20. Kg2 Qf8 21. g5 h5 22. g6+ fxg6 23. Qg5 Rh8 24. Ne7 Qf6 25. Qxf6 gxf6 26. Nc6 Rhf8 27. Na5 Rf7 28. Nxb7 Rxb7 29. Rxa6 Rd7 30. Rca1 Kg7 31. R1a4 Kf7 32. b4 cxb4 33. Rxb4 Rc8 34. c4 Ke7 35. b3 Rcc7 36. Rba4 f5 37. f3 Kf6 38. Rc6 Rxc6 39. dxc6 Rc7 40. Ra6 Kg5 41. exf5 gxf5 42. b4 Kf4 43. b5 e4 44. fxe4 fxe4 45. Kf2 e3+ 46. Ke2 Rg7 47. Kd3 Kf3 48. Ra2 Re7 49. Re2 Kf4 50. Kd4 Re4+ 51. Kd5 Kf3 52. c7 Re8 53. Rxe3+ Kxe3 54. Kxd6 Kf3 55. c5 Kg3 56. b6 axb6 57. cxb6 Kxh3 58. b7 h4 59. b8Q Rxb8 60. cxb8Q Kg3 61. Qb3+ Kg2 62. Qb2+ Kg3 63. Qc3+ Kf4 64. Qd2+ Kg3 65. Qe1+ 1-0

[Event "Budapest FS08 FM-B"]
[Site "Budapest"]
[Date "2003.08.12"]
[Round "11"]
[White "Tomasi, Diego"]
[Black "Tognella, Olivier"]
[Result "0-1"]
[WhiteElo "2030"]
[BlackElo "2065"]
[PlyCount "112"]
[EventDate "2003.08.02"]
[EventType "tourn"]
[EventRounds "13"]
[EventCountry "HUN"]
[SourceTitle "CBM 095 Extra"]
[Source "ChessBase"]
[SourceDate "2003.09.04"]
[SourceVersion "1"]
[SourceVersionDate "2003.09.04"]
[SourceQuality "1"]

1. c4 g6 2. Nc3 Bg7 3. Nf3 e5 4. g3 Ne7 5. Bg2 0-0 6. 0-0 d5 7. cxd5 Nxd5 8. Qb3 c6 9. Rd1 Nb6 10. d3 Be6 11. Qc2 h6 12. Be3 Na6 13. a3 Qe7 14. Rac1 Nc5 15. Bxc5 Qxc5 16. b4 Qe7 17. Ne4 a5 18. Qc5 Nd5 19. Nfd2 axb4 20. axb4 Ra2 21. Nc3 Qxc5 22. bxc5 Nxc3 23. Rxc3 e4 24. Rcc1 exd3 25. exd3 Bd4 26. Kf1 f5 27. Rb1 Rf7 28. Rbc1 Rd7 29. Bf3 Bb2 30. Rc2 Rxd3 31. Be2 Rd7 32. Rb1 Ba3 33. Rxa2 Bxa2 34. Ra1 Rxd2 35. Rxa2 Rxa2 36. Bc4+ Kf8 37. Bxa2 Bxc5 38. Be6 Ke7 39. Bg8 g5 40. Ke2 Kd6 41. f4 Bg1 42. fxg5 hxg5 43. h4 gxh4 44. gxh4 b5 45. h5 Bd4 46. Kd3 Bg7 47. Bh7 Ke5 48. Bg6 c5 49. Be8 c4+ 50. Kc3 Kd5+ 51. Kb4 c3 52. h6 Bf6 53. Bf7+ Kd4 54. Bb3 f4 55. Bd1 f3 56. Kb3 Ke3 0-1

[Event "Cap d'Agde Cavalier op"]
[Site "Cap d'Agde"]
[Date "2002.10.27"]
[Round "6"]
[White "Tognella, Olivier"]
[Black "Raggini, Lionel"]
[Result "1/2-1/2"]
[WhiteElo "2056"]
[BlackElo "2097"]
[PlyCount "50"]
[EventDate "2002.10.23"]
[EventType "swiss"]
[EventRounds "9"]
[EventCountry "FRA"]
[SourceTitle "EXT 2004"]
[Source "ChessBase"]
[SourceDate "2003.11.25"]
[SourceVersion "1"]
[SourceVersionDate "2003.11.25"]
[SourceQuality "1"]

1. e4 d5 2. exd5 Nf6 3. d4 Nxd5 4. c4 Nf6 5. Nf3 Bf5 6. Be2 e6 7. 0-0 Bd6 8. Qb3 Qc8 9. Nc3 a6 10. Ne5 Nbd7 11. Bf3 Rb8 12. Re1 0-0 13. Bf4 Bxe5 14. Bxe5 Nxe5 15. dxe5 Nd7 16. Qb4 b6 17. Na4 Rd8 18. Qc3 Nf8 19. Rad1 Rxd1 20. Rxd1 Qe8 21. b3 Rd8 22. Rd4 Rxd4 23. Qxd4 Qd7 24. Qe3 Ng6 25. Be2 h6 1/2-1/2

[Event "Budapest FS07 FM-B"]
[Site "Budapest"]
[Date "2002.??.??"]
[Round "2"]
[White "Tognella, Olivier"]
[Black "Szirmai, Eduard"]
[Result "1-0"]
[WhiteElo "2055"]
[BlackElo "2175"]
[PlyCount "81"]
[EventDate "2002.07.06"]
[EventType "tourn"]
[EventRounds "11"]
[EventCountry "HUN"]
[SourceTitle "CBM 089 Extra"]
[Source "ChessBase"]
[SourceDate "2002.09.10"]
[SourceVersion "2"]
[SourceVersionDate "2002.09.10"]
[SourceQuality "1"]

1. e4 c5 2. Nf3 e6 3. c3 b6 4. d4 Bb7 5. Bd3 cxd4 6. cxd4 Nc6 7. Nc3 d6 8. 0-0 Nf6 9. d5 exd5 10. exd5 Nb8 11. Re1+ Be7 12. Qe2 Nbd7 13. Bg5 Kf8 14. Rad1 h6 15. Bxf6 Bxf6 16. Ne4 Nc5 17. Nxf6 Qxf6 18. Bb5 g6 19. b4 a6 20. bxc5 axb5 21. c6 Ba6 22. Qc2 Kg7 23. Nd2 Rhe8 24. Ne4 Qe5 25. Qc3 Qxc3 26. Nxc3 b4 27. Ne4 Red8 28. Rc1 f5 29. Nd2 Re8 30. f3 Rxe1+ 31. Rxe1 Bc8 32. Nc4 Rxa2 33. Nxd6 b3 34. Rb1 b2 35. Kf2 Ba6 36. c7 Ra1 37. Rxb2 f4 38. g3 Rf1+ 39. Kg2 Rc1 40. Rxb6 Bf1+ 41. Kf2 1-0

[Event "Budapest FS08 FM"]
[Site "Budapest"]
[Date "2001.??.??"]
[Round "9"]
[White "Kende, Gyorgy"]
[Black "Tognella, Olivier"]
[Result "1-0"]
[WhiteElo "2220"]
[BlackElo "2070"]
[PlyCount "52"]
[EventDate "2001.08.??"]
[EventType "tourn"]
[EventRounds "13"]
[EventCountry "HUN"]
[SourceTitle "EXT 2006"]
[Source "ChessBase"]
[SourceDate "2005.11.24"]
[SourceVersion "1"]
[SourceVersionDate "2005.11.24"]
[SourceQuality "1"]

1. Nf3 g6 2. g3 Bg7 3. Bg2 e5 4. d3 f5 5. e4 fxe4 6. dxe4 d6 7. c3 Nf6 8. Qb3 Qe7 9. 0-0 Nbd7 10. Nbd2 Nc5 11. Qc2 0-0 12. b4 Ne6 13. a4 Nd7 14. a5 a6 15. Nc4 Kh8 16. Ne3 c6 17. Ba3 Rd8 18. Rad1 Nc7 19. Nc4 d5 20. b5 Qf6 21. b6 Nb5 22. exd5 e4 23. Qxe4 Nxa3 24. Nxa3 Qxc3 25. Ng5 Ne5 26. dxc6 Re8 1-0

[Event "Budapest FS08 FM"]
[Site "Budapest"]
[Date "2001.??.??"]
[Round "3"]
[White "Tognella, Olivier"]
[Black "Balint, Laszlo"]
[Result "1-0"]
[WhiteElo "2070"]
[BlackElo "2000"]
[PlyCount "93"]
[EventDate "2001.08.??"]
[EventType "tourn"]
[EventRounds "13"]
[EventCountry "HUN"]
[SourceTitle "EXT 2003"]
[Source "ChessBase"]
[SourceDate "2002.11.25"]
[SourceVersion "1"]
[SourceVersionDate "2002.11.25"]
[SourceQuality "1"]

1. d4 Nf6 2. Nf3 e6 3. g3 d5 4. Bg2 Be7 5. c4 0-0 6. 0-0 dxc4 7. Qc2 a6 8. a4 Bd7 9. Qxc4 Bc6 10. Bg5 Nbd7 11. Nc3 h6 12. Bxf6 Nxf6 13. Ne5 Bxg2 14. Kxg2 Nd7 15. Nxd7 Qxd7 16. Rfd1 c6 17. a5 Rad8 18. Rd3 Qd6 19. Rad1 Qb4 20. Qa2 Bf6 21. e3 Rd6 22. Ne4 Rd5 23. Nxf6+ gxf6 24. Rb3 Qc4 25. Ra3 Qxa2 26. Rxa2 Rfd8 27. b4 e5 28. Rad2 f5 29. Kf3 Kg7 30. Ke2 f6 31. dxe5 fxe5 32. f3 Kf6 33. e4 fxe4 34. fxe4 Rd4 35. Rxd4 exd4 36. Kd3 Ke5 37. Rf1 Ke6 38. Rf5 Rd6 39. Rf8 Ke7 40. Rh8 Kd7 41. Rh7+ Kc8 42. g4 Kb8 43. h4 Ka7 44. h5 Kb8 45. Rg7 Rd8 46. Rg6 Rh8 47. Kxd4 1-0

[Event "Budapest FS08 FM"]
[Site "Budapest"]
[Date "2001.??.??"]
[Round "4"]
[White "Tognella, Olivier"]
[Black "Papp, Albert"]
[Result "1/2-1/2"]
[WhiteElo "2070"]
[BlackElo "2000"]
[PlyCount "69"]
[EventDate "2001.08.??"]
[EventType "tourn"]
[EventRounds "13"]
[EventCountry "HUN"]
[SourceTitle "EXT 2003"]
[Source "ChessBase"]
[SourceDate "2002.11.25"]
[SourceVersion "1"]
[SourceVersionDate "2002.11.25"]
[SourceQuality "1"]

1. d4 d5 2. Nf3 c6 3. g3 Bg4 4. Bg2 Nf6 5. 0-0 Nbd7 6. Nbd2 e6 7. c4 Be7 8. b3 0-0 9. Bb2 Qc7 10. Rc1 Rac8 11. Re1 Qb8 12. a3 Rfd8 13. b4 b6 14. Qb3 c5 15. cxd5 Nxd5 16. e4 N5f6 17. d5 exd5 18. exd5 Bd6 19. b5 Re8 20. Nc4 Bf5 21. Nh4 Be4 22. Bxe4 Nxe4 23. Nf5 Bf8 24. Qf3 Ndf6 25. Rcd1 Rcd8 26. d6 Re6 27. Bxf6 Nxf6 28. Rxe6 fxe6 29. Nh6+ gxh6 30. Qxf6 Qc8 31. Ne5 Rxd6 32. Rxd6 Bxd6 33. Qf7+ Kh8 34. Qf6+ Kg8 35. Qf7+ 1/2-1/2

[Event "Budapest FS08 FM"]
[Site "Budapest"]
[Date "2001.??.??"]
[Round "1"]
[White "Tognella, Olivier"]
[Black "Szilardfy, Gyula"]
[Result "0-1"]
[WhiteElo "2070"]
[BlackElo "2160"]
[PlyCount "73"]
[EventDate "2001.08.??"]
[EventType "tourn"]
[EventRounds "13"]
[EventCountry "HUN"]
[SourceTitle "EXT 2003"]
[Source "ChessBase"]
[SourceDate "2002.11.25"]
[SourceVersion "1"]
[SourceVersionDate "2002.11.25"]
[SourceQuality "1"]

1. Nf3 Nf6 2. g3 g6 3. Bg2 Bg7 4. 0-0 0-0 5. Re1 d6 6. d4 Nbd7 7. e4 e5 8. c3 Re8 9. Nbd2 b6 10. Qc2 Bb7 11. d5 Qe7 12. a4 a6 13. b4 c6 14. c4 Rec8 15. Qb3 Rc7 16. Ba3 Rac8 17. Rac1 b5 18. cxb5 axb5 19. dxc6 Bxc6 20. axb5 Bxb5 21. Bf1 Bxf1 22. Rxc7 Rxc7 23. Rxf1 Bh6 24. Qd3 Nb6 25. b5 Ne8 26. Rc1 Rxc1+ 27. Bxc1 Qe6 28. Ba3 Bf8 29. Qe3 Nc4 30. Nxc4 Qxc4 31. b6 Qb5 32. Nd2 Nf6 33. h3 Nd7 34. Qc3 Qxb6 35. Kg2 Qb7 36. h4 h5 37. Qf3 0-1

[Event "Metz op 18th"]
[Site "Metz"]
[Date "2000.04.16"]
[Round "2"]
[White "Tognella, Olivier"]
[Black "Collas, Didier"]
[Result "0-1"]
[WhiteElo "2053"]
[BlackElo "2365"]
[PlyCount "78"]
[EventDate "2000.04.15"]
[EventType "swiss"]
[EventRounds "9"]
[EventCountry "FRA"]
[SourceTitle "CBM 075 Extra"]
[Source "ChessBase"]
[SourceDate "2000.05.11"]
[SourceVersion "2"]
[SourceVersionDate "2000.05.11"]
[SourceQuality "1"]

1. Nf3 c5 2. e4 d6 3. d3 g6 4. g3 Bg7 5. Bg2 Nc6 6. 0-0 e5 7. Bg5 Nge7 8. c3 0-0 9. Qd2 Be6 10. Bh6 Bxh6 11. Qxh6 f6 12. Qd2 d5 13. Rd1 d4 14. Na3 a5 15. Nc2 a4 16. c4 Qa5 17. Rab1 b5 18. b3 axb3 19. axb3 Qxd2 20. Rxd2 Rfb8 21. Rdd1 Ra2 22. Nfe1 g5 23. Bf3 Kg7 24. Kg2 Kg6 25. Ra1 Rb2 26. Na3 b4 27. Nb5 g4 28. Nc7 gxf3+ 29. Nxf3 Bg4 30. Na6 Ra8 31. Nxc5 Ra3 32. Rab1 Rxb1 33. Rxb1 Bxf3+ 34. Kxf3 Na5 35. Kg4 h5+ 36. Kh3 Ra2 37. f4 Nec6 38. fxe5 Nxe5 39. Rf1 Ng4 0-1